000 00705nam a2200241 a 4500
001 53879
003 BD-RjUL
005 20211209080033.0
008 161029r19641948ny a|||| |||| 001 0 eng d
035 _a(BD-RjUL)54001
040 _aBD-RjUL
_beng
_cBD-RjUL
041 _aeng
082 _223
_a551.4
_bWOT 1949-1964
100 1 _aWorcester, Philip G.
_9160934
245 1 2 _aA textbook of Geomorphology /
_cby Philip G. Worcester
250 _a2nd ed.
260 _aNew York ; New Jersy:
_bD. Van Nostrand,
_c1948 [Reprinted 1949, 1964]
300 _avii, 584 p. :
_bill. ;
_c23 cm.
500 _aIncludes index
650 _aGeology
_9233925
650 _aGeomorphology
_9233926
942 _2ddc
_cBK
999 _c53879
_d53879